|
|
|
|
| LEADER |
01090nam a2200229 i 4500 |
| 003 |
GR-PaULI |
| 005 |
20210117210917.0 |
| 008 |
190604s1983 gr |||g |||| 000 0 gre d |
| 952 |
|
|
|0 0
|1 0
|2 ddc
|4 0
|6 889_134000000000000_ΠΑΠ
|7 0
|9 232606
|a LISP
|b LISP
|c BSC
|d 2019-06-04
|i 140936
|l 0
|o 889.134 ΠΑΠ
|p 025000072331
|r 2019-06-04 00:00:00
|t 1
|v 2019.00
|w 2019-06-04
|y BK30
|x Μεταφορά Τμήματος Φιλολογίας
|
| 999 |
|
|
|c 141258
|d 141258
|
| 040 |
|
|
|a GR-PaULI
|b gre
|c GR-PaULI
|e AACR2
|
| 082 |
0 |
4 |
|2 23
|a 889.134
|
| 100 |
1 |
|
|9 55238
|a Παπαδάκη, Αθηνά,
|d 1945-
|e συγγραφέας.
|
| 245 |
1 |
0 |
|a Αμνάδα των ατμών /
|c Αθηνά Παπαδάκη.
|
| 250 |
|
|
|a 2η έκδ.
|
| 260 |
|
|
|a Αθήνα :
|b Καστανιώτης,
|c 1983.
|
| 300 |
|
|
|a 31 σ. ;
|c 16 εκ.
|
| 490 |
1 |
|
|a Νεοελληνική ποίηση / Καστανιώτης ;
|v 14
|
| 500 |
|
|
|a Δωρεά Αθηνά Παπαδάκη. Οκτώβριος 2015.
|
| 830 |
|
0 |
|9 175926
|a Νεοελληνική ποίηση (Καστανιώτης)
|v 14.
|
| 942 |
|
|
|2 ddc
|c BK30
|
| 998 |
|
|
|c ΒΑΣΙΛΕΙΟΥ
|d 2019-06
|